000 00559nam a2200217Ia 4500
003 OSt
005 20220924134423.0
006 a|||||r|||| 00| 0
007 ta
008 220923b |||||||| |||| 00| 0 snd d
024 _a274131
037 _cTextual
040 _aARTS
_cARTS
_bsnd
041 _2snd
_asnd
082 _aQ8441wK66, 1593H8
100 _aAdwani
_9206377
245 0 _aShri Guru Gobind Sahib jin ja jeewan chatier
260 _c1948
942 _hQ8441wK66, 1593H8
_cTEXL
_2CC
999 _c437382
_d437382